LEADER 01310nam a2200289 u 4500 001 000000113620 003 CaOOAMICUS 005 20081023114040.0 008 081023s2001 it u000 u ita r 020 $a88-15-08175-5 040 $aPUL$bita$dLDB 041 1 $aita$heng 100 1 $aNussbaum, Martha Craven,$d1947-$0(OLS)http://pul/name/30080 240 10$aWomen and human development. The capabilities approach.$lItaliano.$0(OLS)http://pul/title/142762 245 10$aDiventare persone :$bdonne e universalitą dei diritti /$cMartha Nussbaum. 260 $aBologna :$bIl Mulino,$cc2001. 300 $a370 p. ;$c23 cm. 490 1 $aCollezione di testi e di studi.$aFilosofia 504 $aNote bibliografiche. 650 4$aDonne$xProblemi etico-sociali.$0(OLS)http://pul/subject/11394 830 0$aCollezione di testi e di studi.$pFilosofia.$0(OLS)http://pul/title/10731 850 $aPUL 852 $aPUL$W1$xSL Diritto e Scienze Sociali 3$y79$m305. 42 NUSMA 1$j129819$qDDC 21$B128882$CPULBib$Z2$F128882 $H108605 $82 941 1 $a9 996 $6020$a88-15-08175-5$9(OLS)http://pul/number/138949 996 $6245$aDiventare persone :$bdonne e universalitą dei diritti$9(OLS)http://pul/title/142763 996 $6260$aBologna :$bIl Mulino$9(OLS)http://pul/publisher/47928 LEADER 01408nam a2200325 a 4500 001 000000157105 003 CaOOAMICUS 005 20240429121441.0 008 161205s2015 it u000 u ita r 020 $a978-88-7462-739-4* 032 $aLibriCat 040 $aPUL$bita 082 04$a142 100 1 $aTedeschini, Marco,$d1984-$0(OLS)http://pul/name/100210 245 10$aAdolf Reinach :$bla fenomenologia, il realismo /$cMarco Tedeschini ; prefazione di Vincenzo Costa. 260 $aMacerata :$bQuodlibet,$c©2015. 300 $a168 p. ;$c22 cm. 490 1 $aQuodlibet Studio. Discipline filosofiche 600 14$aReinach, Adolf,$d1883-1918?.$0(OLS)http://pul/subject/26003 650 4$aFenomenologia.$0(OLS)http://pul/subject/1230 700 1 $aCosta, Vincenzo,$d1964-$0(OLS)http://pul/name/34421 830 0$aQuodlibet Studio.$pDiscipline filosofiche.$0(OLS)http://pul/title/158533 850 $aPUL 852 $aPUL$W1$xSL Filosofia 3$y81$m142 TEDMA 1$j180388$qDDC 21$B183513$CPULBib$Z2$F183513 $H128511 $81 941 1 $a9 996 $6020$a978-88-7462-739-4*$9(OLS)http://pul/number/161625 996 $6082$a142$9(OLS)http://pul/classification/555 996 $6245$aAdolf Reinach :$bla fenomenologia, il realismo$9(OLS)http://pul/title/196704 996 $6260$aMacerata :$bQuodlibet$9(OLS)http://pul/publisher/70121